Profesiones: Doctora.

Uloženo v:
Podrobná bibliografie
Hlavní autor: Twin, Ando (autor)
Další autoři: George, Lucy M. (autora), Fernández, Adriana (traducción al español)
Médium: Kniha
Vydáno: Ciudad Autónoma de Buenos Aires, Argentina: Planeta Junior, 2017.
Vydání:1a ed.
Témata:
Tagy: Přidat tag
Žádné tagy, Buďte první, kdo vytvoří štítek k tomuto záznamu!

MARC

LEADER 00000nam a22000007a 4500
003 CL-VaPUC
005 20240529102506.0
008 240429t2017 ||||| |||| 00| 0 eng d
999 |c 443657  |d 443655 
020 |a 978-950-49-5902-1 
040 |c Pontificia Universidad Católica de Valparaíso 
082 7 |2 22  |a 793.2054 TWId 2017 
100 1 |a Twin, Ando  |e autor  |9 888709 
245 |a Profesiones: Doctora. 
250 |a 1a ed. 
260 |a Ciudad Autónoma de Buenos Aires, Argentina:  |b Planeta Junior,  |c 2017. 
300 |a sin paginación; ilustraciones. 
500 |a c.1 Donación Paola Cárdenas (vecina curauma). Memo 17-04-2024 
583 |c 20240429  |k Catalogador Asistente 
650 0 |a Libros ilustrados infantiles  |9 888750  |v Material didáctico  |x Profesiones  |x Médicos 
700 |a George, Lucy M.  |e autora  |9 888721 
700 |a Fernández, Adriana  |e traducción al español  |9 888762 
942 |2 ddc  |c BK 
952 |0 0  |1 0  |2 ddc  |4 0  |6 793_205400000000000_TWID_2017  |7 0  |8 C  |9 594311  |a BIBCUR  |b BIBCUR  |d 2024-04-30  |e Donación  |i 5660015  |l 4  |o 793.2054 TWId 2017  |p 5660015  |r 2025-04-22  |s 2025-04-10  |t 1  |w 2024-04-30  |y BK  |k CAC